000 00390nam a2200145 i 4500
001 bg
100 1 _aBATAVIN, Vitalin Vasilevic
245 0 _aKontrol parametrov poluprovodnikovych materalov i epitaksialnych sloev /
_cV.V. Batavin.
260 _aMoskva,
_c1976.
040 _cBPK
041 _apol
080 _a620.1:621.315
942 _cKS
008 s pl f |000 0 pol
999 _c17048
_d17048
856 _uhttp://koha.tu.koszalin.pl/cgi-bin/koha/opac-detail.pl?biblionumber=17048
_yKatalog online BPK